Online
Catalog

José Revueltas : (Record no. 5684)

MARC details
000 -CABECERA
campo de control de longitud fija 00885cam a2200253 a 4500
001 - NÚMERO DE CONTROL
campo de control 000005888
005 - FECHA Y HORA DE LA ÚLTIMA TRANSACCIÓN
campo de control 20200929151827.0
008 - DATOS DE LONGITUD FIJA--INFORMACIÓN GENERAL
campo de control de longitud fija 040414s2002 mx b 001 0 spa d
020 ## - NÚMERO INTERNACIONAL ESTÁNDAR DEL LIBRO
Número Internacional Estándar del Libro 9688345741
040 ## - FUENTE DE LA CATALOGACIÓN
Centro catalogador/agencia de origen DO-SdBNP
Centro/agencia transcriptor NOC
Centro/agencia modificador PL#
-- DLC
082 ## - NÚMERO DE LA CLASIFICACIÓN DECIMAL DEWEY
Número de clasificación M863.4
Número de documento/Ítem R454jzD
100 1# - ENTRADA PRINCIPAL--NOMBRE DE PERSONA
Nombre de persona Durán, Javier.
9 (RLIN) 16594
245 10 - MENCIÓN DE TÍTULO
Título José Revueltas :
Resto del título una poética de la disidencia /
Mención de responsabilidad, etc. Javier Durán.
260 ## - PUBLICACIÓN, DISTRIBUCIÓN, ETC.
Lugar de publicación, distribución, etc. Xalapa, Veracruz, México :
Nombre del editor, distribuidor, etc. Universidad Veracruzana,
Fecha de publicación, distribución, etc. 2002.
300 ## - DESCRIPCIÓN FÍSICA
Extensión 329 p. ;
Dimensiones 21 cm.
490 1# - MENCIÓN DE SERIE
Mención de serie Biblioteca
490 1# - MENCIÓN DE SERIE
Mención de serie Universidad Veracruzana
504 ## - NOTA DE BIBLIOGRAFÍA, ETC.
Nota de bibliografía, etc. Bibliografías: p. 315-329.
600 10 - PUNTO DE ACCESO ADICIONAL DE MATERIA--NOMBRE DE PERSONA
Nombre de persona REVUELTAS, JOSÉ,
Fechas asociadas al nombre 1914-1976
Subdivisión general LA CRÍTICA Y LA INTERPRETACIÓN.
9 (RLIN) 16595
650 #4 - PUNTO DE ACCESO ADICIONAL DE MATERIA--TÉRMINO DE MATERIA
Término de materia o nombre geográfico como elemento de entrada Novela mexicana
9 (RLIN) 3959
650 #4 - PUNTO DE ACCESO ADICIONAL DE MATERIA--TÉRMINO DE MATERIA
Término de materia o nombre geográfico como elemento de entrada Literatura mexicana
Subdivisión cronológica SIGLO XXI
9 (RLIN) 16596
830 #0 - PUNTO DE ACCESO ADICIONAL DE SERIE-TÍTULO UNIFORME
Título uniforme Biblioteca ;
Nombre de parte o sección de la obra Universidad Veracruzana.
9 (RLIN) 16597
910 ## - DATOS DE OPCIÓN DEL USUARIO (OCLC)
Datos de opción del usuario Catalogación por copia / LC
Holdings
Estado de retiro Estado de pérdida Restricciones de uso No para préstamo Código de colección Localización permanente Ubicación/localización actual Ubicación en estantería Fecha de adquisición Número de inventario Total de préstamos Signatura topográfica completa Código de barras Fecha visto por última vez Precio válido a partir de Tipo de ítem Koha
    Préstamo interno   Monografías: Libros y Folletos General General Depósito 24.08.2009 LF1   M863.4 R454jzD 5888-10 25.06.2020 25.06.2020 Préstamo interno

Powered by Koha